Contabilidad /

Guardado en:
Autor Principal: Fernández Durán, Elsa S. de.
Formato: Libro
Idioma:Spanish
Publicado: Buenos Aires : Editorial Kapelusz, c1981-c1986.
Materias:
Etiquetas: Agregar Etiqueta
Sin Etiquetas, Sea el primero en etiquetar este registro!
LEADER 01150nam a22002775a 4500
001 EAD.ead001413
008 080513s1981####ag############000#0#spa#d
005 20230706193503.0
245 1 0 |a Contabilidad /  |c Elsa del Carmen Soria de Fernández Durán. 
260 |a Buenos Aires :  |b Editorial Kapelusz,  |c c1981-c1986. 
300 |a 5 v. ;  |c 24 cm. 
020 |a 9501324524 (vol. 1) 
020 |a 9501324532 (vol. 2, 1a.ed.) 
020 |a 9501324672 (vol. 2, 2a.ed.) 
020 |a 9501324591 (vol. 3) 
020 |a 9501324699 (vol. 4, 1a. ed.) 
020 |a 9501324605 (vol. 4, 2a. ed.) 
020 |a 9501324613 (vol. 5) 
100 1 |a Fernández Durán, Elsa S. de. 
082 0 4 |a 657  |2 21 
650 7 |a Contabilidad.  |2 unbist 
859 |a AR-BaBDC  |b BIB. ADMINISTRACION - Libros  |h 657  |i F391  |k C  |p b02045  |v 1  |3 Vol. 1 
859 |a AR-BaBDC  |b BIB. ADMINISTRACION - Consulta  |h 657  |i F391  |k C  |p b02046  |v 2  |3 Vol. 2 
859 |a AR-BaBDC  |b BIB. ADMINISTRACION - Consulta  |h 657  |i F391  |k C  |p b02047  |v 3  |3 Vol. 3 
859 |a AR-BaBDC  |b BIB. ADMINISTRACION - Consulta  |h 657  |i F391  |k C  |p b02048  |v 4  |3 Vol. 4 
859 |a AR-BaBDC  |b BIB. ADMINISTRACION - Consulta  |h 657  |i F391  |k C  |p b02049  |v 5  |3 Vol. 5